Halo Lore - Statistics

General Stats
  • This quiz has been taken 209 times
  • The average score is 10 of 15
Answer Stats
Hint Answer % Correct
Parasite found throughout the first 3 halo games The Flood
94%
The Doctor who kidnapped children and turned them into Spartans Catherine Halsey
92%
Giant life-ending object found in space Halo
92%
The last living High Prophet in Halo 3 The Prophet of Truth
92%
The planet that the spartans grew up on Reach
84%
The Elite who led the Covenant Civil War The Arbiter
83%
Name of the Brute Chieftain in Halo 2 Tartarus
76%
The planet that Master Chief stumbled upon inn Halo 4 Requiem
64%
The Covenant homeworld High Charity
63%
Another term for the Covenant Civil War The Great Schism
57%
Marine who was infected by the Flood but still held some control Jenkins
50%
Captain the pursued Regret in Halo Wars Captain Cutter
40%
The fleet that pursued The Pillar Of Autumn Fleet of Particular Justice
38%
Supercarrier that led the first assault on Reach Long Night of Solace
35%
Ship that was boarded by the Chief on multiple events Truth and Reconciliation
31%
No matching quizzes found
Score Distribution
Percent of People with Each Score
Percentile by Number Answered
Your Score History
You have not taken this quiz